00337nam a2200109Ia 4500008004000000020001800040082001600058100002500074245006900099260004400168300001500212210210b1974 xxu||||| |||| 00| 0 eng d a0 912776 48 X aS891.6 BHAB aBHAKTIVEDANTA (A C). aBhagavatam. Fourth canto:The creation of the fourth order.Part 3 aBombaybBhaktivedanta book trust.c1974 ax,765,1132